| 000 | 00714nam a2200253Ia 4500 | ||
|---|---|---|---|
| 003 | OSt | ||
| 005 | 20220928102256.0 | ||
| 006 | a|||||r|||| 00| 0 | ||
| 007 | ta | ||
| 008 | 220927b |||||||| |||| 00| 0 eng d | ||
| 024 | _a112354 | ||
| 037 | _cTextual | ||
| 040 |
_aSDCL _cSDCL _beng |
||
| 041 |
_2eng _aeng |
||
| 082 | _aNB5925,N, N8 | ||
| 100 |
_aVitochova Marie _9397557 |
||
| 245 | 0 |
_aPrague _b An historical town |
|
| 260 |
_aPrague _bV Raji Publishing House _c1998 |
||
| 300 |
_a152p _ccm. |
||
| 700 |
_a Kejr Jindrich _9397558 |
||
| 700 |
_a Vsetecka Jiri _9397559 |
||
| 942 |
_hNB5925,N, N8 _cTEXL _2CC |
||
| 999 |
_c713363 _d713363 |
||